000 00753nam a2200265Ia 4500
003 OSt
005 20220928130353.0
006 a|||||r|||| 00| 0
007 ta
008 220927b |||||||| |||| 00| 0 eng d
020 _c4253.6880000000001
024 _a119167
037 _b717, 23/08/2013, The Book Seller
_cTextual
040 _aSDCL
_cSDCL
_beng
041 _2eng
_aeng
082 _aY7, Q3
100 _aEller David Jack
_9473712
245 0 _aCultural anthropology
_b Global forces,local lives.
250 _a2nd
260 _aLondon
_bRoutledge
_c2013
300 _axx;360p
_ccm.
650 _aHistory
942 _hY7, Q3
_cTEXL
_2CC
999 _c786307
_d786307